P.E. Review - Statistics

General Stats
  • This quiz has been taken 19 times
  • The average score is 37 of 76
Answer Stats
Question Answer % Correct
What is a fault in tennis? A serve that lands outside the correct box.
100%
Icebreaker activities are set up to ___ Get to know strangers.
100%
In guided meditation, a long spine is important because... It keeps breath flowing and opens your body.
100%
Table tennis can be played with how many players? 2 or 4
83%
Badminton is played... As singles or doubles.
83%
True or False? All orienteering maps have south at the top and are drawn to scale. False. All orienteering maps have north at the top and are not drawn to scale.
83%
True or False? Ping pong and tennis are the same sport. False. They are different sports.
83%
Disc golf is a mixture of... Traditional golf and ultimate frisbee.
83%
True or False? Walking improves fitness and blood pressure. True
83%
True or False? AED stands for automated external defibrillator. True
83%
True or False? Swimming is better for the body. True
83%
There are ___ sets of lines in tennis. Two
83%
In square dancing, what is home? Where you start.
83%
How do you serve for table tennis? You serve with the ball in palm of hand.
83%
When tossing the ball for the serve in tennis... You want to keep your arm straight and lift smoothly.
83%
What is a do si do? A move in square dancing.
67%
In square dancing, the couple with their back to the music is called the ___ couple. Head
67%
What do you call a combination of running and navigation using a map? Orienteering
67%
What color is the official kickball? Red
67%
Cardiac arrest is... Sudden loss of heart function.
67%
What are two yoga moves? Tabletop and Child's Pose.
67%
An official game of volleyball is played... To 25, rally scoring, win by 2.
67%
True or False? When shooting a basketball, the follow through is very important. True
67%
True or False? CPR and AED are best chance for survival. True.
67%
In tennis, the ball can't bounce ___. Twice
67%
When serving a badminton, you can only serve... Underhand.
67%
Pickleball is an up-and-coming activity for... All ages
50%
Sound Healing by Miss Anne helps to make us... Aware of the pure, beautiful space inside all of us.
50%
4 square develops ___ coordination. Eye-hand.
50%
True or False? Cardiovascular endurance is not a benefit of swimming. False
50%
Where is gaga ball played? In a "pit".
50%
Nitroball is also known as... Inverted volleyball.
50%
When shooting a basketball, you want the ball... On your fingertips.
50%
Swimming is considered the ___ activity. Perfect
50%
Physical education means instruction in... Physical exercise and games.
50%
A volleyball pass is meant to go to... The setter.
50%
Basic skills needed for kickball are... Throwing, kicking, and catching.
50%
True or False? Eclipse ball is played to 21, win by 3. True.
50%
True or False? Gaga ball is a fast paced, high-energy activity. True.
50%
How was tennis originally played? With just palms, not rackets.
50%
Foot golf is like regular golf but... You use your feet.
50%
How many steps walking is a good fitness goal? 10,000
33%
Pickleball has a ___ bounce rule. 2
33%
Eclipse ball has how many hits a side? 3
33%
A stall count in ultimate frisbee is how long? 5 seconds.
33%
Team handball starts with... A jump ball.
33%
In team hand ball, you can ___, ___, and ___ to move the ball down the court. Dribble, run, walk.
33%
True or False? Cardiac arrest and heart attack are the same. False
33%
True or False? In eclipse ball, each team can have 3 players in front and 4 in back. False. Each team can have 3 players in front and 3 in back.
33%
___ only CPR is for anyone who is not certified. Hands
33%
The goal in kickball is to score more ___ than your opponent. Runs
33%
True or False? Eastern and western grips are used in tennis. True
33%
True or False? Corn hole is a professional sport in the U.S. True
33%
True or False? In swatball, the defense has to stay behind their endline. True.
33%
True or False? In slow pitch softball in PE, we started with a 1-1 count. True.
33%
True or False? Rules of 3 apply to team handball. True.
33%
The object of swatball is to score more points than the other team by hitting their ___. Wall.
33%
In swatball, you can only strike... With an open hand.
33%
Nitroball ___ be played with 2-4 people on a side. Can.
17%
In square dancing, couples on the side are called side ___. Couples
17%
No one is allowed to shoot in the ___ for team handball. Crease.
17%
In nitroball, the ball must bounce... Everytime.
17%
True or False? A pickleball serve is overhand with a bounce. False. A pickleball serve is underhand without a bounce.
17%
True or False? In slow pitch softball, there is tons of base stealing and bunting. False. In slow pitch softball, there is no base stealing or bunting.
17%
True or False? Wrist guards, kneepads, elbow pads, and a helmet must not be worn in PE during inline skating. False. They all MUST be worn.
17%
True or False? You can only play ultimate frisbee outside on a field, not in the gym. False. You can play ultimate frisbee both inside the gym and outside on a field.
17%
In swatball, the game is continuous after every ___. Goal.
17%
The non-volley zone in pickleball is called the.... Kitchen.
17%
In slow pitch softball, you can not.... Lead off.
17%
4 square can be played with how many people? Numerous amounts.
17%
In inline skating, what do you do when gliding? Push off on the inside of the skate.
17%
In nitroball, scoring is... Rally point.
17%
Where is the server located in eclipse ball? The right back.
17%
True or False? Brake, wheel bearings, and boot are all parts of an inline skate. True.
17%
True or False? You can't run with the disc during ultimate frisbee. True.
17%
When the disc hits the ground in ultimate frisbee, it is called a... Turnover.
17%
No matching quizzes found
Score Distribution
Percent of People with Each Score
Percentile by Number Answered
Your Score History
You have not taken this quiz